Một số biện pháp nâng cao kĩ năng tự học của học viên trường trung cấp cảnh sát nhân dân V, Quảng Nam /
Guardat en:
| Autor principal: | |
|---|---|
| Format: | Article |
| Idioma: | Vietnamese |
| Matèries: | |
| Etiquetes: |
Afegir etiqueta
Sense etiquetes, Sigues el primer a etiquetar aquest registre!
|
| Thư viện lưu trữ: | Thư viện Trường Đại học Đà Lạt |
|---|
| LEADER | 00869nam a2200265 4500 | ||
|---|---|---|---|
| 001 | DLU190189996 | ||
| 005 | ##20190322 | ||
| 040 | # | # | |a DLU |b vie |
| 041 | # | # | |a vie |
| 044 | # | # | |a vn |
| 100 | # | # | |a Nguyễn Thị Thanh Thủy. |
| 245 | # | # | |a Một số biện pháp nâng cao kĩ năng tự học của học viên trường trung cấp cảnh sát nhân dân V, Quảng Nam / |c Nguyễn Thị Thanh Thúy. |
| 653 | # | # | |a Kĩ năng tự học |
| 653 | # | # | |a Kế hoạch học tập |
| 653 | # | # | |a Thái độ học tập |
| 773 | # | # | |t Tạp chí Giáo dục |g Số 393, 2016, tr. 25-27 |
| 920 | # | # | |a Phòng Tạp chí -- Trung tâm Thông tin - Thư viện Trường Đại học Đà Lạt |
| 994 | # | # | |a DLU |
| 900 | # | # | |a True |
| 911 | # | # | |a Trần Thị Minh Hương |
| 925 | # | # | |a G |
| 926 | # | # | |a A |
| 927 | # | # | |a BB |
| 980 | # | # | |a Thư viện Trường Đại học Đà Lạt |